The architecture of England: from prehistoric times to the present day

Bewaard in:
Bibliografische gegevens
Hoofdauteur: Yarwood, Doreen (Auteur)
Formaat: Boek
Taal:Engels
Gepubliceerd in: Londres B.T. Bastsford 1963
Onderwerpen:
Tags: Voeg label toe
Geen labels, Wees de eerste die dit record labelt!

MARC

LEADER 00000nam a2200000 a 4500
001 UCV9153
003 CL-VaPUC
008 920610e19630000UK |||||||||||||||||eng|d
082 0 4 |a 720.942  |b YAR  |2 21 
100 0 |a Yarwood, Doreen  |e author  |9 303147 
245 1 4 |a The architecture of England: from prehistoric times to the present day 
300 |a 672 p 
942 |c BK 
945 |d 19920610 00:00:00 
260 |a Londres  |b B.T. Bastsford  |c 1963 
650 0 |a Arquitectura  |9 804558 
650 0 |a Historia  |9 255047 
651 0 |a Gran Bretaña  |9 256767 
583 |a last modification  |c 19920610 00:00:00  |k Rodrigo Vera 
999 |c 214533  |d 214531 
952 |0 0  |1 0  |4 0  |6 720_942000000000000_YAR_1963  |7 0  |8 A  |9 197999  |a BIBARQ  |b BIBARQ  |d 2019-11-14  |i 2656035  |l 3  |o 720.942 YAR 1963  |p 2656035  |r 2025-01-20  |s 2023-06-08  |w 2019-11-14  |y BK  |k ARQ